000 00857nam a2200265 4500
003 OSt
005 20260601170958.0
008 260505b1985\\\\mx\|||||\||||\00|\0\spa\d
040 _aICI
_bspa
_cICI
041 _aspa
050 _aNK1520
_bS368
100 1 _aGonzález Ochoa, César,
_eautor
_910114
245 1 _aLos sentidos del entorno :
_ben entorno al sentido del diseño /
_cCésar González Ochoa
264 _aMéxico :
_b[El autor],
_c1985
300 _a192 páginas
336 _atexto
_2rdacontent
337 _asin medio
_2rdamedia
338 _avolumen
_2rdacarrier
500 _aTesis (Maestría en Diseño Industrial). -- UNAM, Facultad de Arquitectura. 1985
650 _aDiseño.
_92672
650 _aPercepción (Estética).
_930886
650 _aEspacio (Arquitectura).
650 _aEntorno (Estética).
_930888
942 _2lcc
_cB
_n1
999 _c19922
_d19922